[Event "St Chely d'Aubrac op 9th"]
[Site "St Chely d'Aubrac"]
[Date "2009.07.12"]
[Round "2"]
[White "Stepenko, Roman"]
[Black "Saucey, Michel"]
[Result "1/2-1/2"]
[WhiteElo "1871"]
[BlackElo "2366"]
[PlyCount "67"]
[EventDate "2009.07.11"]
[EventType "swiss"]
[EventRounds "9"]
[EventCountry "FRA"]
[SourceTitle "EXT 2010"]
[Source "ChessBase"]
[SourceDate "2010.11.25"]
[SourceVersion "1"]
[SourceVersionDate "2010.11.25"]
[SourceQuality "1"]

1. e4 c5 2. Nf3 Nc6 3. Bb5 g6 4. Bxc6 dxc6 5. Qe2 Bg7 6. 0-0 e5 7. d3 Qe7 8. a4 Nf6 9. Na3 0-0 10. Nc4 Bg4 11. h3 Bxf3 12. Qxf3 b6 13. Bg5 h6 14. Bh4 Qe6 15. Bxf6 Bxf6 16. Rae1 Rae8 17. Qg3 Bg5 18. Qg4 Qe7 19. Ne3 Bxe3 20. Rxe3 Kg7 21. f4 exf4 22. Qxf4 Qe5 23. Qxe5+ Rxe5 24. g4 h5 25. Ref3 hxg4 26. hxg4 Rg5 27. Rf4 f5 28. Kg2 Rh8 29. exf5 gxf5 30. Rxf5 Rxg4+ 31. Kf3 Rg6 32. Ke2 Re8+ 33. Kd2 Re7 34. R1f2 1/2-1/2